Web Service Implementation and Composition Techniques (Record no. 37049)

MARC details
000 -LEADER
fixed length control field 00354nam a22001217a 4500
005 - DATE AND TIME OF LATEST TRANSACTION
control field 20250821091336.0
008 - FIXED-LENGTH DATA ELEMENTS--GENERAL INFORMATION
fixed length control field 250821b |||||||| |||| 00| 0 eng d
082 ## - DEWEY DECIMAL CLASSIFICATION NUMBER
Classification number 005
Item number PAI-W
100 ## - MAIN ENTRY--AUTHOR
Author Name Paik, Lemos, Barukh, Benatallah, and Natarajan
245 ## - TITLE STATEMENT
Title Web Service Implementation and Composition Techniques
650 ## - SUBJECT ADDED ENTRY--TOPICAL TERM
Subject / Department Computer Science & IT
952 ## - LOCATION AND ITEM INFORMATION (KOHA)
-- 0
-- 0
Holdings
Lost status Damaged status Permanent Location Current Location Shelving Location Date acquired Full Call Number Accession No./Barcode Date last seen item type Koha item type
    Superior Information Resource Center (SIRC) Superior University - UAE Campus Superior Information Resource Center (SIRC) Superior University - UAE Campus Computer Science & IT 08/21/2025 005 PAI-W 40029 08/21/2025 BOOK BOOK

Powered by Koha